Customs offenses according to the legislation of the Republic of Moldova and Romania

Bibliographic Details
Main Author: Pasat, Aurel Octavian
Format: eBook
Language:English
Published: Barcelona: Editorial vLex, 2018
Subjects:
Online Access:Acceso restringido

MARC

LEADER 00000nam a22000007a 4500
005 20181030110734.0
007 cr|||| ||||
008 181030s2018 ro |||||s|||| 00||0 eng d
020 |a 978-606-94312-4-5 
035 |a 22087 
040 |a vLex 
090 |c 8218  |d 8218 
100 1 |a Pasat, Aurel Octavian 
245 1 0 |a Customs offenses according to the legislation of the Republic of Moldova and Romania  |h [Recurso electrn̤ico] /  |c Aurel Octavian Pasat 
256 |a Servicio en ln̕ea 
260 |a Barcelona:  |b Editorial vLex,  |c 2018 
300 |a 1 recurso electrn̤ico 
506 1 |a Disponible solo en los productos indicados  |d vLex Global  |d vLex Global (Academic Edition, excluding Law Schools)  |d vLex Global (U.S. Academic Edition, Law Schools)  |d vLex Global (U.S. Academic Edition, excluding Law Schools)  |d vLex Global (Academic Edition, Law Schools) 
650 0 4 |a Derecho Penal  |z Rumania 
740 0 |a vLex Libros (Servicio en ln̕ea) 
856 4 0 |u http://vlex.com/source/customs-offenses-according-to-the-legislation-of-the-republic-of-moldova-and-romania-22087  |z Acceso restringido 
942 |c BOOK 
999 0 |a Criminal law